000
00262nam a22001097a 4500
082
_a
621.381336 MEL'I
100
_a
MELIE, T. P
_9
79613
245
_a
AN INRODUCTION TO MASERS AND LASERS
260
_a
LONDON
_b
CHAPMAN & HALL
_c
1967
300
_a
162P
942
_c
BK
999
_c
584639
_d
584639